| 000 | 00478nam a2200205Ia 4500 | ||
|---|---|---|---|
| 003 | OSt | ||
| 005 | 20230323141935.0 | ||
| 008 | 210210b2009 xxu||||| |||| 00| 0 eng d | ||
| 020 | _a9788132105688 | ||
| 040 | _cAL | ||
| 041 | _aeng | ||
| 082 | _a001.4 FLII | ||
| 100 |
_aFLICK (UWE) _977029 |
||
| 245 | _aIntroduction to qualitative research | ||
| 250 | _a4 | ||
| 260 |
_aNew Delhi _bSage Publications _c2009 |
||
| 300 | _axx,504 | ||
| 906 | _a065924 | ||
| 942 |
_2ddc _cBK |
||
| 999 |
_c147258 _d147258 |
||